|
|
|
|
| LEADER |
01588nam a2200349 i 4500 |
| 001 |
32091 |
| 003 |
BD-DhAAL |
| 005 |
20211116113230.0 |
| 008 |
171024s2014 enka b 001 0 eng |
| 999 |
|
|
|c 38316
|d 38316
|
| 010 |
|
|
|a 2014011768
|
| 020 |
|
|
|a 9781409467847 (hardback : alk. paper)
|
| 020 |
|
|
|z 9781409467854 (ebook)
|
| 020 |
|
|
|z 9781409467861 (epub)
|
| 040 |
|
|
|a DLC
|b eng
|c DLC
|e rda
|d DLC
|d BD-DhAAL
|
| 050 |
0 |
0 |
|a NA2543.S6
|b R43 2014
|
| 082 |
0 |
0 |
|a 720.103
|2 23
|
| 245 |
0 |
0 |
|a Reading the architecture of the underprivileged classes :
|b a perspective on the protests and upheavals in our cities /
|c edited by Nnamdi Elleh.
|
| 260 |
|
|
|a London :
|b Ashgate,
|c c 2014.
|
| 300 |
|
|
|a xviii, 278 pages :
|b illustrations ;
|c 25 cm.
|
| 504 |
|
|
|a Includes bibliographical references and index.
|
| 505 |
0 |
|
|a The Context(s) and the Theoretical Underpinnings -- Sustainable Shared Spaces and Experiences of Modernity -- Politics and Urban Regulations: Demolished and Refurbished Neighborhoods.
|
| 526 |
|
|
|a ARC
|
| 541 |
|
|
|a Trim Education
|e 32091
|
| 650 |
|
0 |
|a Architecture and society
|x History
|y 19th century.
|9 22228
|
| 650 |
|
0 |
|a Architecture and society
|x History
|y 20th century.
|9 22229
|
| 650 |
|
0 |
|a Vernacular architecture.
|9 22230
|
| 650 |
|
0 |
|a Urban poor.
|9 22231
|
| 650 |
|
0 |
|a Architecture
|9 42715
|
| 700 |
1 |
|
|a Elleh, Nnamdi,
|e editor of compilation.
|9 22232
|
| 942 |
|
|
|2 ddc
|c BK
|
| 952 |
|
|
|0 0
|1 0
|2 ddc
|4 0
|6 720_103000000000000_REA
|7 0
|9 61310
|a BRACUL
|b BRACUL
|c GEN
|d 2017-10-24
|e Trim Education
|g 6659.00
|l 1
|m 10
|o 720.103 REA
|p 3010032091
|r 2025-11-19
|s 2018-02-12
|t 1
|v 6659.00
|w 2017-09-18
|y BK
|